[Event "AUT-chT 2324"]
[Site "Austria"]
[Date "2024.03.23"]
[Round "10.4"]
[White "Korpa, Bence"]
[Black "Maghsoodloo, Parham"]
[Result "0-1"]
[WhiteElo "2545"]
[BlackElo "2732"]
[PlyCount "76"]
[EventDate "2023.11.22"]
[EventType "team-tourn"]
[EventRounds "11"]
[EventCountry "AUT"]
[SourceTitle "CB13_2024"]
[SourceDate "2024.03.27"]
[SourceVersion "1"]
[SourceVersionDate "2024.03.27"]
[SourceQuality "1"]
[WhiteTeam "Fuerstenfeld/Hartberg"]
[BlackTeam "Linz"]
[WhiteTeamCountry "AUT"]
[BlackTeamCountry "AUT"]

1. e4 c5 2. c3 Nf6 3. e5 Nd5 4. Nf3 Nc6 5. d4 cxd4 6. cxd4 d6 7. Bc4 Nb6 8. Bb5 Bd7 9. Nc3 dxe5 10. dxe5 g6 11. Qe2 Bg7 12. h3 0-0 13. 0-0 Qc7 14. Bf4 a6 15. Bd3 Be6 16. Rac1 Nd5 17. Bg3 Bh6 18. Nxd5 Bxd5 19. e6 Qa5 20. exf7+ Rxf7 21. Rc4 Bg7 22. Be4 Bxc4 23. Qxc4 Rd8 24. Bc2 Nd4 25. Nxd4 Rxd4 26. Qe6 Qd5 27. Qe1 Qxa2 28. Qe3 Rb4 29. Rd1 Rxb2 30. Be4 Re2 31. Bd5 Rxe3 32. Bxa2 Re2 33. Bc4 Re4 34. Rd8+ Bf8 35. Bd5 Re1+ 36. Kh2 e6 37. Bc4 b5 38. Bd3 Rd1 0-1

[Event "AUT-chT 2324"]
[Site "Austria"]
[Date "2024.03.22"]
[Round "9.4"]
[White "Maghsoodloo, Parham"]
[Black "Bosiocic, Marin"]
[Result "1-0"]
[WhiteElo "2732"]
[BlackElo "2537"]
[PlyCount "71"]
[EventDate "2023.11.22"]
[EventType "team-tourn"]
[EventRounds "11"]
[EventCountry "AUT"]
[SourceTitle "CB13_2024"]
[SourceDate "2024.03.27"]
[SourceVersion "1"]
[SourceVersionDate "2024.03.27"]
[SourceQuality "1"]
[WhiteTeam "Linz"]
[BlackTeam "St Veit"]
[WhiteTeamCountry "AUT"]
[BlackTeamCountry "AUT"]

1. d4 Nf6 2. Nf3 d5 3. Bf4 c5 4. e3 Nc6 5. Nbd2 cxd4 6. exd4 a6 7. c3 Bf5 8. Nh4 Be4 9. Bg5 e6 10. Nxe4 dxe4 11. g3 h6 12. Bxf6 Qxf6 13. Qb3 0-0-0 14. Be2 Bd6 15. Qc2 g5 16. Ng2 Qg6 17. 0-0-0 Ne7 18. Kb1 Kb8 19. Rhe1 f5 20. f3 exf3 21. Bxf3 g4 22. Nh4 Qg5 23. Bg2 f4 24. Rxe6 fxg3 25. hxg3 Bxg3 26. Ng6 Rh7 27. Ne5 Nf5 28. Rf1 Rf8 29. Qe4 Ka7 30. Nc6+ bxc6 31. Qxc6 Bd6 32. Rxd6 Nxd6 33. Rxf8 Nb7 34. Bf1 Qa5 35. b4 Qa3 36. Rf6 1-0

[Event "AUT-chT 2324"]
[Site "Austria"]
[Date "2024.03.21"]
[Round "8.4"]
[White "Platzgummer, Fabian"]
[Black "Maghsoodloo, Parham"]
[Result "0-1"]
[WhiteElo "2304"]
[BlackElo "2732"]
[PlyCount "110"]
[EventDate "2023.11.22"]
[EventType "team-tourn"]
[EventRounds "11"]
[EventCountry "AUT"]
[SourceTitle "CB13_2024"]
[SourceDate "2024.03.27"]
[SourceVersion "1"]
[SourceVersionDate "2024.03.27"]
[SourceQuality "1"]
[WhiteTeam "Mayrhofen/Zell/Zillertal"]
[BlackTeam "Linz"]
[WhiteTeamCountry "AUT"]
[BlackTeamCountry "AUT"]

1. Nf3 Nf6 2. c4 e6 3. g3 d5 4. Bg2 Be7 5. 0-0 0-0 6. d4 Nbd7 7. Qc2 a5 8. Nbd2 a4 9. e4 c6 10. Rd1 h6 11. cxd5 cxd5 12. e5 Nh7 13. Nf1 Nb8 14. h4 Nc6 15. Be3 Bd7 16. Rac1 a3 17. b3 Qb6 18. N1h2 Rfc8 19. Qb1 Nb4 20. Ne1 Bb5 21. Bf1 Bxf1 22. Nxf1 Qb5 23. Bd2 Nf8 24. Bxb4 Bxb4 25. Rc2 Bc3 26. Rdc1 Qb4 27. Nf3 Rc6 28. Ne3 Rac8 29. Kg2 Ng6 30. Rd1 Ne7 31. Rd3 Qb6 32. Nd1 Ba5 33. Ne3 Qb5 34. Rxc6 Nxc6 35. b4 Bb6 36. Qd1 Qxb4 37. Nc2 Qf8 38. Rb3 Ba5 39. Rxa3 Bd8 40. Rc3 Ra8 41. Qb1 Qe7 42. Rb3 Na5 43. Rb5 Rc8 44. Ne3 b6 45. Qd3 Nc4 46. Nd2 Qb7 47. a4 Qa8 48. Rb4 Be7 49. Rb3 Qxa4 50. Nf3 b5 51. g4 g6 52. Qb1 b4 53. h5 g5 54. Nxd5 exd5 55. e6 Qe8 0-1

[Event "Prague Masters 6th"]
[Site "Prague"]
[Date "2024.03.05"]
[Round "7"]
[White "Maghsoodloo, Parham"]
[Black "Vidit, Santosh Gujrathi"]
[Result "1-0"]
[WhiteElo "2715"]
[BlackElo "2747"]
[PlyCount "63"]
[EventDate "2024.02.26"]
[EventType "tourn"]
[EventRounds "9"]
[EventCountry "CZE"]
[EventCategory "19"]
[SourceTitle "CB11_2024"]
[SourceDate "2024.03.13"]
[SourceVersion "1"]
[SourceVersionDate "2024.03.13"]
[SourceQuality "1"]

1. Nf3 d5 2. g3 Nf6 3. Bg2 e6 4. 0-0 Be7 5. c4 0-0 6. b3 c5 7. e3 Nc6 8. Bb2 d4 9. exd4 cxd4 10. Re1 Re8 11. d3 Bb4 12. Nbd2 e5 13. a3 Bd6 14. b4 Bf5 15. c5 Bc7 16. Nc4 a6 17. Qc2 Qd7 18. Rad1 Bg4 19. Rd2 Qf5 20. Nh4 Qh5 21. h3 Be6 22. Rde2 Bd5 23. Nd2 Bxg2 24. Kxg2 Nd5 25. Ndf3 Rad8 26. Qc4 Nf6 27. Bc1 h6 28. Re4 Nxe4 29. Rxe4 g5 30. g4 Qxh4 31. Nxh4 gxh4 32. Bxh6 1-0

[Event "Prague Masters 6th"]
[Site "Prague"]
[Date "2024.02.28"]
[Round "2"]
[White "Maghsoodloo, Parham"]
[Black "Praggnanandhaa, Rameshbabu"]
[Result "1-0"]
[WhiteElo "2715"]
[BlackElo "2747"]
[PlyCount "75"]
[EventDate "2024.02.26"]
[EventType "tourn"]
[EventRounds "9"]
[EventCountry "CZE"]
[EventCategory "19"]
[SourceTitle "CB11_2024"]
[SourceDate "2024.03.13"]
[SourceVersion "1"]
[SourceVersionDate "2024.03.13"]
[SourceQuality "1"]

1. d4 Nf6 2. Bf4 d5 3. e3 Bf5 4. c4 e6 5. Qb3 Nbd7 6. Nc3 dxc4 7. Bxc4 Nb6 8. Be2 a5 9. a3 c6 10. Bg5 Be7 11. f3 a4 12. Qd1 Nfd7 13. Bxe7 Qxe7 14. e4 Bg6 15. Nh3 0-0 16. 0-0 f6 17. f4 e5 18. dxe5 fxe5 19. f5 Bf7 20. Qe1 Nc5 21. Qg3 Bc4 22. Rae1 Rad8 23. Nf2 Bxe2 24. Rxe2 Nc4 25. Ng4 Kh8 26. Rf3 Rd4 27. h3 b5 28. f6 gxf6 29. Ref2 Nd7 30. Nh6 Nd2 31. Re3 Qe6 32. Qh4 Nc5 33. Rf5 b4 34. axb4 Rxb4 35. Qg4 Rbb8 36. Rg3 Qd7 37. Kh1 Ne6 38. Rxf6 1-0

[Event "Prague Masters 6th"]
[Site "Prague"]
[Date "2024.02.27"]
[Round "1"]
[White "Bartel, Mateusz"]
[Black "Maghsoodloo, Parham"]
[Result "0-1"]
[WhiteElo "2660"]
[BlackElo "2715"]
[PlyCount "68"]
[EventDate "2024.02.26"]
[EventType "tourn"]
[EventRounds "9"]
[EventCountry "CZE"]
[EventCategory "19"]
[SourceTitle "CB11_2024"]
[SourceDate "2024.03.13"]
[SourceVersion "1"]
[SourceVersionDate "2024.03.13"]
[SourceQuality "1"]

1. e4 c5 2. Nf3 d6 3. Bb5+ Nd7 4. d4 cxd4 5. Qxd4 e5 6. Qd3 h6 7. Nc3 Ngf6 8. 0-0 a6 9. Bxd7+ Bxd7 10. Nd2 b5 11. a4 Rb8 12. Rd1 Qc7 13. Nf1 b4 14. Nd5 Nxd5 15. exd5 a5 16. Ne3 Be7 17. b3 0-0 18. Bb2 Bg5 19. Nc4 Bc8 20. c3 Ba6 21. cxb4 axb4 22. g3 f5 23. h4 Bd8 24. Rac1 Qe7 25. Re1 f4 26. Kg2 Bb6 27. Rc2 Qf6 28. Qf3 Rbc8 29. Re4 Qg6 30. g4 Rc5 31. h5 Qg5 32. Qd1 f3+ 33. Kg1 Rf4 34. Rxf4 Qxf4 0-1

[Event "Bundesliga 2324"]
[Site "Germany"]
[Date "2024.02.03"]
[Round "7.4"]
[White "Baidetsky, Valentin"]
[Black "Maghsoodloo, Parham"]
[Result "0-1"]
[WhiteElo "2471"]
[BlackElo "2707"]
[PlyCount "62"]
[EventDate "2023.10.21"]
[EventType "team-tourn"]
[EventRounds "15"]
[EventCountry "GER"]
[SourceTitle "CB06_2024"]
[SourceDate "2024.02.07"]
[SourceVersion "1"]
[SourceVersionDate "2024.02.07"]
[SourceQuality "1"]
[WhiteTeam "Muenchen Zugzwang"]
[BlackTeam "Viernheim"]
[WhiteTeamCountry "GER"]
[BlackTeamCountry "GER"]

1. e4 c5 2. Nf3 d6 3. Bb5+ Nd7 4. 0-0 a6 5. Be2 Ngf6 6. d3 g6 7. c4 b5 8. b3 Bg7 9. Bb2 0-0 10. Qc2 Rb8 11. cxb5 axb5 12. d4 cxd4 13. Nxd4 Bb7 14. Nxb5 Bxe4 15. Qd2 Ba8 16. N1c3 d5 17. f4 e5 18. fxe5 Nxe5 19. Qf4 Nh5 20. Qf2 d4 21. Rad1 d3 22. Bxh5 gxh5 23. Qf5 Rb6 24. Qxh5 Bxg2 25. Kxg2 Rg6+ 26. Kf2 Qb6+ 27. Ke1 Qe3+ 28. Ne2 Rg2 29. Nbd4 dxe2 30. Nxe2 Ng4 31. Rd2 Bxb2 0-1

[Event "Tata Steel-A 86th"]
[Site "Wijk aan Zee"]
[Date "2024.01.24"]
[Round "10"]
[White "Ju, Wenjun"]
[Black "Maghsoodloo, Parham"]
[Result "1/2-1/2"]
[WhiteElo "2549"]
[BlackElo "2740"]
[PlyCount "108"]
[EventDate "2024.01.13"]
[EventType "tourn"]
[EventRounds "13"]
[EventCountry "NED"]
[EventCategory "19"]
[SourceTitle "CB05_2024"]
[SourceDate "2024.01.31"]
[SourceVersion "1"]
[SourceVersionDate "2024.01.31"]
[SourceQuality "1"]

1. d4 Nf6 2. c4 e6 3. Nf3 d5 4. Nc3 dxc4 5. e4 b5 6. Nxb5 Nxe4 7. Qa4 c6 8. Nc3 Nxc3 9. bxc3 Ba6 10. Bxc4 Bxc4 11. Qxc4 Bd6 12. 0-0 Qc7 13. Rd1 0-0 14. Qd3 Nd7 15. c4 c5 16. Be3 Rfd8 17. dxc5 Bxc5 18. Bxc5 Nxc5 19. Qe2 f6 20. Nd4 e5 21. Nf5 Ne6 22. Qg4 Kh8 23. h3 g6 24. Ne3 Nd4 25. Nd5 Qg7 26. Qe4 Rac8 27. Rac1 f5 28. Qd3 Ne6 29. Qa3 e4 30. Ne7 Ra8 31. Rxd8+ Rxd8 32. Rb1 Nf4 33. Qxa7 Qd4 34. Qxd4+ Rxd4 35. Rb8+ Kg7 36. Rb7 Kf8 37. c5 Rc4 38. c6 Ne6 39. g3 Nd8 40. Rc7 Rc1+ 41. Kg2 Rc2 42. Kf1 Ke8 43. a4 Ne6 44. Rb7 Kd8 45. Rd7+ Ke8 46. Ng8 Rxc6 47. Nf6+ Kf8 48. Nxh7+ Ke8 49. Nf6+ Kf8 50. Rd1 Ra6 51. Nd7+ Ke7 52. Ne5 Kf6 53. Nd7+ Ke7 54. Ne5 Kf6 1/2-1/2

[Event "Tata Steel-A 86th"]
[Site "Wijk aan Zee"]
[Date "2024.01.21"]
[Round "8"]
[White "Van Foreest, Jorden"]
[Black "Maghsoodloo, Parham"]
[Result "1/2-1/2"]
[WhiteElo "2682"]
[BlackElo "2740"]
[PlyCount "82"]
[EventDate "2024.01.13"]
[EventType "tourn"]
[EventRounds "13"]
[EventCountry "NED"]
[EventCategory "19"]
[SourceTitle "CB05_2024"]
[SourceDate "2024.01.31"]
[SourceVersion "1"]
[SourceVersionDate "2024.01.31"]
[SourceQuality "1"]

1. e4 c5 2. Nf3 d6 3. Bb5+ Nd7 4. d4 cxd4 5. Nxd4 Ngf6 6. Bd3 Nc5 7. Nc3 a6 8. 0-0 g6 9. Re1 Bg7 10. Bf1 0-0 11. a4 Bg4 12. f3 e5 13. Nde2 Be6 14. b4 Ncd7 15. Qxd6 Re8 16. Rb1 Rc8 17. Be3 Rc4 18. Qd2 Qc7 19. Rec1 Rd8 20. Qe1 Bf8 21. Nd1 Rc8 22. c3 Rc6 23. a5 b6 24. axb6 Nxb6 25. Nb2 Ne8 26. f4 Nc4 27. Nxc4 Bxc4 28. fxe5 Qxe5 29. Nd4 R6c7 30. Nf3 Qe6 31. Qh4 Qf6 32. Qg3 Bxf1 33. Bd4 Qe7 34. Rxf1 Nd6 35. Rbe1 Nxe4 36. Qf4 f5 37. Nd2 Bg7 38. Nxe4 Bxd4+ 39. cxd4 fxe4 40. Qxe4 Qxe4 41. Rxe4 Rd7 1/2-1/2

[Event "Tata Steel-A 86th"]
[Site "Wijk aan Zee"]
[Date "2024.01.14"]
[Round "2"]
[White "Firouzja, Alireza"]
[Black "Maghsoodloo, Parham"]
[Result "1-0"]
[WhiteElo "2759"]
[BlackElo "2740"]
[PlyCount "85"]
[EventDate "2024.01.13"]
[EventType "tourn"]
[EventRounds "13"]
[EventCountry "NED"]
[EventCategory "19"]
[SourceTitle "CB05_2024"]
[SourceDate "2024.01.31"]
[SourceVersion "1"]
[SourceVersionDate "2024.01.31"]
[SourceQuality "1"]

1. e4 e5 2. Nf3 Nc6 3. Bb5 Nf6 4. 0-0 Nxe4 5. Re1 Nd6 6. Nxe5 Be7 7. Bf1 Nxe5 8. Rxe5 0-0 9. d4 Bf6 10. Re1 Re8 11. Bf4 Rxe1 12. Qxe1 Ne8 13. Nc3 Bxd4 14. Nd5 d6 15. Bg5 f6 16. Bh4 Bxb2 17. Rb1 Be5 18. f4 Be6 19. Bc4 Bd4+ 20. Kh1 Bf7 21. Qe4 Bc5 22. Ne7+ Kf8 23. Qxh7 Bxc4 24. Re1 Qxe7 25. Rxe7 Kxe7 26. Qe4+ Be6 27. f5 Rd8 28. g4 c6 29. g5 Kf8 30. fxe6 Ke7 31. gxf6+ gxf6 32. Qg4 d5 33. Qg8 Bd4 34. Bg3 Be5 35. Bxe5 fxe5 36. h4 e4 37. h5 d4 38. Qf7+ Kd6 39. e7 Rc8 40. Qf4+ Kxe7 41. Qxe4+ Kd7 42. Qxd4+ Nd6 43. h6 1-0

[Event "Tata Steel-A 86th"]
[Site "Wijk aan Zee"]
[Date "2024.01.13"]
[Round "1"]
[White "Praggnanandhaa, Rameshbabu"]
[Black "Maghsoodloo, Parham"]
[Result "1/2-1/2"]
[WhiteElo "2743"]
[BlackElo "2740"]
[PlyCount "88"]
[EventDate "2024.01.13"]
[EventType "tourn"]
[EventRounds "13"]
[EventCountry "NED"]
[EventCategory "19"]
[SourceTitle "CB05_2024"]
[SourceDate "2024.01.31"]
[SourceVersion "1"]
[SourceVersionDate "2024.01.31"]
[SourceQuality "1"]

1. e4 c5 2. Nf3 d6 3. d4 cxd4 4. Nxd4 Nf6 5. Nc3 a6 6. Bg5 e6 7. Qf3 Be7 8. 0-0-0 Qc7 9. g4 Nbd7 10. Bd2 h6 11. h4 Ne5 12. Qg2 Nexg4 13. Be2 h5 14. f3 Ne5 15. f4 Neg4 16. e5 dxe5 17. fxe5 Nxe5 18. Qg3 Nfg4 19. Bf4 f6 20. Nf3 0-0 21. Nxe5 fxe5 22. Bd2 Qc6 23. Bxg4 hxg4 24. Qxg4 Qf3 25. Qxf3 Rxf3 26. Bg5 Bb4 27. Ne4 b5 28. Nd6 Bxd6 29. Rxd6 Bb7 30. Rxe6 Rc8 31. Re1 Rf2 32. Bd2 e4 33. h5 Rg2 34. h6 gxh6 35. Rxh6 Rc6 36. Rh5 b4 37. b3 Rc7 38. Reh1 e3 39. Rh8+ Kf7 40. R8h7+ Ke6 41. R1h6+ Kf5 42. Rh5+ Ke6 43. R5h6+ Kf5 44. Rh5+ Ke6 1/2-1/2

[Event "Wch Blitz"]
[Site "Samarkand"]
[Date "2023.12.30"]
[Round "15"]
[White "Muradli, Mahammad"]
[Black "Maghsoodloo, Parham"]
[Result "1/2-1/2"]
[WhiteElo "2550"]
[BlackElo "2742"]
[PlyCount "81"]
[EventDate "2023.12.29"]
[EventType "swiss (blitz)"]
[EventRounds "21"]
[EventCountry "UZB"]
[SourceTitle "CB01_2024"]
[SourceDate "2024.01.03"]
[SourceVersion "1"]
[SourceVersionDate "2024.01.03"]
[SourceQuality "1"]

1. d4 Nf6 2. Nf3 d5 3. c4 e6 4. g3 Bb4+ 5. Bd2 Be7 6. Bg2 0-0 7. 0-0 c6 8. Qc2 Nbd7 9. Bf4 h6 10. Rd1 a5 11. Ne5 Qb6 12. Nc3 Qa6 13. c5 Nxe5 14. Bxe5 Nd7 15. Bc7 b6 16. cxb6 Nxb6 17. Rac1 Nd7 18. Na4 Bb7 19. e4 Rac8 20. Bf4 c5 21. dxc5 Nxc5 22. exd5 Bxd5 23. Bxd5 exd5 24. Rxd5 Ne6 25. Qe4 Nxf4 26. Rxc8 Rxc8 27. Qxf4 Rc4 28. Qe3 Qc6 29. Nc3 Rxc3 30. bxc3 Qxd5 31. Qxe7 Qxa2 32. Qe8+ Kh7 33. Qe4+ g6 34. c4 a4 35. Qd5 Kg7 36. Qe5+ Kh7 37. Qd5 Kg8 38. Qd8+ Kg7 39. Qd4+ Kg8 40. Qd8+ Kh7 41. Qd5 1/2-1/2

[Event "Wch Blitz"]
[Site "Samarkand"]
[Date "2023.12.29"]
[Round "1"]
[White "Iljiushenok, Ilia"]
[Black "Maghsoodloo, Parham"]
[Result "0-1"]
[WhiteElo "2547"]
[BlackElo "2742"]
[PlyCount "100"]
[EventDate "2023.12.29"]
[EventType "swiss (blitz)"]
[EventRounds "21"]
[EventCountry "UZB"]
[SourceTitle "CB01_2024"]
[SourceDate "2024.01.03"]
[SourceVersion "1"]
[SourceVersionDate "2024.01.03"]
[SourceQuality "1"]

1. e4 e5 2. Nf3 Nc6 3. Nc3 Nf6 4. Bb5 Bd6 5. d3 h6 6. Ba4 a6 7. a3 Bc5 8. 0-0 b5 9. Bb3 d6 10. h3 0-0 11. Be3 Re8 12. Nd5 Be6 13. c3 Bxe3 14. Nxe3 d5 15. exd5 Nxd5 16. Re1 Nf4 17. Bxe6 Rxe6 18. d4 e4 19. Nd2 Qg5 20. Qg4 Ne7 21. Qxg5 hxg5 22. a4 b4 23. cxb4 Nd3 24. Re2 Nxb4 25. Rc1 c6 26. Rc5 Nbd5 27. Nec4 f5 28. Ra5 Nf4 29. Re1 Ned5 30. Ne3 g6 31. Ndc4 Nd3 32. Re2 N5b4 33. d5 cxd5 34. Nxd5 Nxd5 35. Rxd5 Nf4 36. Red2 Nxd5 37. Rxd5 Rc8 38. b3 Rb8 39. Na5 Kg7 40. Rd7+ Kf6 41. Rc7 Rd8 42. Kf1 Rd2 43. Nc4 Rd3 44. b4 f4 45. Ke2 Rb3 46. Rb7 f3+ 47. gxf3 exf3+ 48. Kd1 Re2 49. Rb6+ Kg7 50. Kc1 Rc3+ 0-1

[Event "Wch Blitz"]
[Site "Samarkand"]
[Date "2023.12.29"]
[Round "11"]
[White "Karthik, Venkataraman"]
[Black "Maghsoodloo, Parham"]
[Result "0-1"]
[WhiteElo "2609"]
[BlackElo "2742"]
[PlyCount "90"]
[EventDate "2023.12.29"]
[EventType "swiss (blitz)"]
[EventRounds "21"]
[EventCountry "UZB"]
[SourceTitle "CB01_2024"]
[SourceDate "2024.01.03"]
[SourceVersion "1"]
[SourceVersionDate "2024.01.03"]
[SourceQuality "1"]

1. e4 c5 2. Nf3 d6 3. d4 cxd4 4. Nxd4 Nf6 5. Nc3 a6 6. Bg5 Nbd7 7. Bc4 e6 8. Qe2 h6 9. Bh4 b5 10. Bb3 Nc5 11. 0-0-0 Qc7 12. Bxf6 gxf6 13. f4 h5 14. f5 b4 15. Na4 Nxb3+ 16. axb3 e5 17. Nf3 Bd7 18. Kb1 Bb5 19. Qf2 Rb8 20. Rd5 Bc6 21. Rhd1 Rb5 22. Rxb5 axb5 23. Nb6 Bxe4 24. Nd5 Bxd5 25. Rxd5 Qc6 26. Qd2 Ke7 27. Qd3 Bh6 28. Qxb5 Rc8 29. Qxc6 Rxc6 30. Rb5 e4 31. Nd4 Rc5 32. Rb7+ Ke8 33. Rxb4 Re5 34. c3 Be3 35. Ne2 d5 36. Rb8+ Kd7 37. Rb7+ Ke8 38. Rb8+ Ke7 39. Rb7+ Kd6 40. Rxf7 Rxf5 41. Ng3 Rf2 42. Nxh5 Bg5 43. g3 Rxh2 44. c4 Rxh5 45. cxd5 Kxd5 0-1

[Event "Wch Blitz"]
[Site "Samarkand"]
[Date "2023.12.29"]
[Round "5"]
[White "Rakhmanov, Alexander"]
[Black "Maghsoodloo, Parham"]
[Result "1/2-1/2"]
[WhiteElo "2614"]
[BlackElo "2742"]
[PlyCount "98"]
[EventDate "2023.12.29"]
[EventType "swiss (blitz)"]
[EventRounds "21"]
[EventCountry "UZB"]
[SourceTitle "CB01_2024"]
[SourceDate "2024.01.03"]
[SourceVersion "1"]
[SourceVersionDate "2024.01.03"]
[SourceQuality "1"]

1. c4 Nf6 2. d4 e6 3. Nc3 Bb4 4. e3 0-0 5. Nf3 d5 6. Bd2 Nbd7 7. a3 Be7 8. Bd3 h6 9. 0-0 dxc4 10. Bxc4 c5 11. Qe2 a6 12. a4 b6 13. Rfd1 Bb7 14. Rac1 Qb8 15. h3 Rd8 16. Be1 Bd6 17. Ba2 Bc6 18. Bb1 Qb7 19. e4 b5 20. axb5 axb5 21. e5 Bxf3 22. Qxf3 Qxf3 23. gxf3 cxd4 24. exf6 Bf4 25. Nxb5 Bxc1 26. Rxc1 Nxf6 27. Bd3 Rab8 28. b4 Nd5 29. Bd2 Nc3 30. Bxc3 dxc3 31. Rxc3 Rxd3 32. Rxd3 Rxb5 33. Rd8+ Kh7 34. Rd4 Kg6 35. h4 h5 36. Kf1 Kf6 37. Ke2 e5 38. Rc4 Ke6 39. f4 exf4 40. Rxf4 f6 41. Rc4 g5 42. hxg5 fxg5 43. Ke3 Kd5 44. Rd4+ Ke5 45. Re4+ Kf5 46. Rc4 g4 47. Ke2 h4 48. f3 Re5+ 49. Kf1 gxf3 1/2-1/2

[Event "Wch Blitz"]
[Site "Samarkand"]
[Date "2023.12.29"]
[Round "7"]
[White "Suleymanli, Aydin Elshan"]
[Black "Maghsoodloo, Parham"]
[Result "1-0"]
[WhiteElo "2609"]
[BlackElo "2742"]
[PlyCount "133"]
[EventDate "2023.12.29"]
[EventType "swiss (blitz)"]
[EventRounds "21"]
[EventCountry "UZB"]
[SourceTitle "CB01_2024"]
[SourceDate "2024.01.03"]
[SourceVersion "1"]
[SourceVersionDate "2024.01.03"]
[SourceQuality "1"]

1. e4 e5 2. Nf3 Nc6 3. Bb5 a6 4. Ba4 Nf6 5. 0-0 Be7 6. d3 b5 7. Bb3 d6 8. c3 0-0 9. h3 h6 10. a4 Bd7 11. Bc2 Re8 12. Re1 Bf8 13. Nbd2 Ne7 14. d4 Nc6 15. d5 Ne7 16. b3 c6 17. c4 g6 18. Ba3 cxd5 19. cxd5 Qb6 20. axb5 axb5 21. Bb4 Bg7 22. Rxa8 Rxa8 23. Nxe5 Qc7 24. Nxf7 Kxf7 25. e5 Nfxd5 26. exd6 Qb6 27. dxe7 Re8 28. Qf3+ Nf6 29. Ne4 Bc6 30. Nd6+ Kg8 31. Qe3 Qxe3 32. Rxe3 Nd5 33. Nxe8 Nxe3 34. fxe3 Bxe8 35. Be4 Be5 36. Bd5+ Kg7 37. Bc5 Kf6 38. b4 Bg3 39. Kf1 Ke5 40. Bb3 g5 41. Ke2 Kf6 42. Bd5 Ke5 43. e4 Kf6 44. Kd3 Bc7 45. Ke3 Bf4+ 46. Kd4 Be5+ 47. Kd3 Bc7 48. Kc2 Bf4 49. Bg8 Bc7 50. Bh7 Bf4 51. Bf5 Bc7 52. Kd3 Bf4 53. Kd4 Bc6 54. Bg4 Be5+ 55. Kd3 Be8 56. Bd4 h5 57. Bxe5+ Kxe5 58. Be2 h4 59. Ke3 Kd6 60. Kd4 Kxe7 61. Kc5 Bg6 62. Bd3 Ke6 63. Kxb5 Ke5 64. Kc5 Be8 65. b5 Bxb5 66. Kxb5 Kd4 67. Bb1 1-0

[Event "Wch Rapid"]
[Site "Samarkand"]
[Date "2023.12.27"]
[Round "8"]
[White "Maghsoodloo, Parham"]
[Black "Suleymanli, Aydin Elshan"]
[Result "1/2-1/2"]
[WhiteElo "2742"]
[BlackElo "2609"]
[PlyCount "88"]
[EventDate "2023.12.26"]
[EventType "swiss (rapid)"]
[EventRounds "13"]
[EventCountry "UZB"]
[SourceTitle "CB01_2024"]
[SourceDate "2024.01.03"]
[SourceVersion "1"]
[SourceVersionDate "2024.01.03"]
[SourceQuality "1"]

1. c4 Nf6 2. Nc3 e5 3. Nf3 Nc6 4. g3 d5 5. cxd5 Nxd5 6. Bg2 Bc5 7. 0-0 0-0 8. d3 h6 9. Nxd5 Qxd5 10. Bd2 Qe6 11. Qc2 Qe7 12. a3 a5 13. Rac1 Bb6 14. Be3 Nd4 15. Bxd4 exd4 16. Rfe1 Be6 17. Qa4 Rfd8 18. Nd2 c6 19. Ne4 Bd5 20. Qc2 a4 21. Nc5 Ba5 22. Red1 b5 23. Bxd5 cxd5 24. b4 axb3 25. Nxb3 Bc3 26. e3 Qxa3 27. Nxd4 Bxd4 28. exd4 b4 29. Qc5 b3 30. Rb1 Qa2 31. Qc3 Rab8 32. Rb2 Qa4 33. Rc1 Qa3 34. Kg2 Kh7 35. Rcb1 Rdc8 36. Qd2 Kg8 37. h4 Rb4 38. h5 Qa4 39. Qd1 Rc3 40. Qe1 Rc8 41. Qe5 Qb5 42. Re1 Qxd3 43. Qxd5 Rxd4 44. Qxb3 Qxb3 1/2-1/2

[Event "Chennai"]
[Site "Chennai"]
[Date "2023.12.19"]
[Round "5"]
[White "Harikrishna, Pentala"]
[Black "Maghsoodloo, Parham"]
[Result "1/2-1/2"]
[WhiteElo "2696"]
[BlackElo "2742"]
[PlyCount "101"]
[EventDate "2023.12.15"]
[EventType "tourn"]
[EventRounds "7"]
[EventCountry "IND"]
[EventCategory "19"]
[SourceTitle "CB52_2023"]
[SourceDate "2023.12.27"]
[SourceVersion "1"]
[SourceVersionDate "2023.12.27"]
[SourceQuality "1"]

1. d4 Nf6 2. Nf3 e6 3. c4 b6 4. g3 Ba6 5. Nbd2 d5 6. cxd5 exd5 7. Bg2 Be7 8. 0-0 0-0 9. Re1 Bb7 10. b3 Nbd7 11. Bb2 Rc8 12. Rc1 c5 13. dxc5 bxc5 14. Nh4 g6 15. e4 d4 16. Nhf3 Re8 17. e5 Nd5 18. Nc4 N7b6 19. Nfd2 Rc7 20. Nd6 Bxd6 21. exd6 Rxe1+ 22. Qxe1 Qxd6 23. Qe8+ Qf8 24. Qxf8+ Kxf8 25. Ne4 Nd7 26. Nxc5 Nxc5 27. Rxc5 Rxc5 28. Ba3 d3 29. Bxc5+ Ke8 30. Kf1 d2 31. Ke2 Nc3+ 32. Kxd2 Nb1+ 33. Kc1 Bxg2 34. Kxb1 a6 35. Kb2 Kd7 36. Kc3 h5 37. Kd4 Kc6 38. Bf8 Bd5 39. Ke5 Be6 40. f3 Kd7 41. Kf4 Bd5 42. g4 Ke6 43. Bb4 h4 44. Be1 h3 45. Kg3 f5 46. g5 Kd7 47. Kxh3 Bxf3 48. Kg3 Bd1 49. Kf4 Kc6 50. Ke5 Be2 51. h4 1/2-1/2

[Event "Rasht Father Cup Rapid 2nd"]
[Site "Rasht"]
[Date "2023.12.08"]
[Round "3"]
[White "Maghsoodloo, Parham"]
[Black "Abbasi Abeluie, Mohammad Mehdi"]
[Result "1-0"]
[WhiteElo "2742"]
[BlackElo "2165"]
[PlyCount "53"]
[EventDate "2023.12.08"]
[EventType "swiss (rapid)"]
[EventRounds "11"]
[EventCountry "IRI"]
[SourceTitle "CB50_2023"]
[SourceDate "2023.12.13"]
[SourceVersion "1"]
[SourceVersionDate "2023.12.13"]
[SourceQuality "1"]

1. e4 c6 2. d4 d5 3. e5 Bf5 4. h4 h5 5. c4 dxc4 6. Bxc4 Qb6 7. Ne2 e6 8. Nbc3 Ne7 9. 0-0 Nd5 10. Bg5 Qxb2 11. Nxd5 cxd5 12. Bd3 Bxd3 13. Qxd3 Nc6 14. Rab1 Qa3 15. Qb5 Qa6 16. Rfc1 Qxb5 17. Rxb5 Be7 18. Rxb7 Bxg5 19. hxg5 Na5 20. Rbc7 Nc4 21. g6 0-0 22. Nf4 h4 23. Rb1 Na5 24. Rb5 Nc4 25. Rbb7 a5 26. gxf7+ Kh7 27. Nxe6 1-0

[Event "Rasht Father Cup Rapid 2nd"]
[Site "Rasht"]
[Date "2023.12.08"]
[Round "10"]
[White "Rastbod, Ali"]
[Black "Maghsoodloo, Parham"]
[Result "0-1"]
[WhiteElo "2221"]
[BlackElo "2742"]
[PlyCount "106"]
[EventDate "2023.12.08"]
[EventType "swiss (rapid)"]
[EventRounds "11"]
[EventCountry "IRI"]
[SourceTitle "CB50_2023"]
[SourceDate "2023.12.13"]
[SourceVersion "1"]
[SourceVersionDate "2023.12.13"]
[SourceQuality "1"]

1. c4 Nf6 2. Nf3 e6 3. g3 d5 4. Bg2 dxc4 5. Qa4+ Nbd7 6. Qxc4 a6 7. Qb3 c5 8. d4 Ra7 9. a4 b6 10. 0-0 Bb7 11. Rd1 Qa8 12. dxc5 Bxc5 13. Be3 Bd5 14. Qc3 0-0 15. b4 Ne4 16. Qa3 Bxe3 17. Qxe3 Rc8 18. Nbd2 Nc3 19. Re1 a5 20. b5 Rac7 21. h3 h6 22. Kh2 Na2 23. Qf4 Nb4 24. Red1 e5 25. Qh4 Nc5 26. Nf1 Nc2 27. Rac1 Nb3 28. Rb1 Nbd4 29. Nxd4 exd4 30. Bxd5 Qxd5 31. Rd2 Qa2 32. Rbd1 Qxa4 33. Ne3 Qxb5 34. Nxc2 Rxc2 35. Qxd4 Rxd2 36. Rxd2 Qc5 37. Qf4 Qc7 38. Qf5 g6 39. Qf6 b5 40. h4 h5 41. Rd6 b4 42. Rb6 Qc3 43. Qf4 Qc5 44. Rb7 Qf5 45. Qe3 Qe6 46. Qf3 Qf5 47. Qe3 Qd5 48. Ra7 b3 49. Qb6 Qc5 50. Qxc5 Rxc5 51. Rb7 a4 52. Kg2 Ra5 53. Kf3 a3 0-1